top 100 players of the 2010s football - Statistics

General Stats
  • This quiz has been taken 70 times
  • The average score is 65 of 100
Answer Stats
Hint Answer % Correct
Brazil lw N/A N/A N/A N/A N/A Neymar
97%
spain cam N/A N/A N/A N/A N/A David silva
95%
Brazil cb N/A N/A N/A N/A N/A Thiago silva
95%
Argentina rw N/A N/A N/A N/A N/A messi
93%
Portugal lw N/A N/A N/A N/A N/A ronaldo
90%
Croatia cm N/A N/A N/A N/A N/A modric
88%
spain cb N/A N/A N/A N/A N/A ramos
86%
spain cm N/A N/A N/A N/A N/A Iniesta
85%
spain cm c/a N/A N/A N/A N/A Xavi
85%
argentina st N/A N/A N/A N/A N/A aguero
83%
Egypt rw N/A N/A N/A N/A N/A salah
83%
italy gk N/A N/A N/A N/A N/A Buffon
81%
spain gk N/A N/A N/A N/A N/A casillas
81%
germany rb N/A N/A N/A N/A N/A lahm
81%
Poland st N/A N/A N/A N/A N/A Lewandowski
81%
Senegal lw N/A N/A N/A N/A N/A mane
81%
Brazil lb N/A N/A N/A N/A N/A Marcelo
81%
spain cb N/A N/A N/A N/A N/A pique
81%
Wales rw N/A N/A N/A N/A N/A bale
80%
uraguy st N/A N/A N/A N/A N/A suarez
80%
netherlands cb N/A N/A N/A N/A n/a van dijk
80%
Brazil rb N/A N/A N/A N/A N/A alves
78%
Gabon st N/A N/A N/A N/A n/a aubameyang
78%
france cf N/A N/A N/A N/A N/A Benzema
78%
spain cdm N/A N/A N/A N/A N/A busquets
78%
Sweden st N/A N/A N/A N/A N/A ibrahimmovic
78%
England st N/A N/A N/A N/A N/A kane
78%
germany cm N/A N/A N/A N/A N/A kroos
78%
germany gk N/A N/A N/A N/A N/A neuer
78%
korean lw N/A N/A N/A N/A N/A son heung min
78%
netherlands st N/A N/A N/A N/A N/A van Persie
78%
Belgium lw N/A N/A N/A N/A N/A hazard
76%
france st N/A N/A N/A N/A n/a mbappe
76%
netherlands rw N/A N/A N/A N/A N/A robben
76%
Chile rw N/A N/A N/A N/A N/A Alexis Sanchez
75%
uraguy st N/A N/A N/A N/A N/A cavani
75%
Denmark cam N/A N/A N/A N/A n/a eriksen
75%
Belgium st N/A N/A N/A N/A N/A lukaku
75%
algeria rw N/A N/A N/A N/A N/A mahrez
75%
Slovenia gk N/A N/A N/A N/A n/a oblak
75%
Argentina st N/A n/a N/A N/A N/A higuain
73%
Colombia cam N/A N/A N/A N/A N/A James rodriguez
73%
French lm N/A N/A N/A N/A N/A ribery
73%
france cb N/A N/A N/A N/A n/a varane
73%
germany cb N/A N/A N/A N/A n/a Boateng
71%
italy cb N/A N/A N/A N/A N/A chiellini
71%
Costa Rica gk N/A N/A N/A N/A N/A navas
71%
England rw N/A N/A N/A N/A n/a sterling
71%
Brazil cf N/A N/A N/A N/A n/a firmino
69%
germany cam N/A N/A N/A N/A N/A muller
69%
france cm N/A N/A N/A N/A N/A pogba
69%
Chile cdm N/A N/A N/A N/A N/A vidal
69%
austria cb N/A N/A N/A N/A N/A David alaba
68%
uraguy cb N/A N/A N/A N/A n/a godin
68%
Slovakia cm N/A N/A N/A N/A n/a hamsik
68%
germany cb N/A N/A N/A N/A n/a hummels
68%
spain lb N/A N/A N/A N/A N/A jordi alba
68%
italy cm N/A N/A N/A N/A N/A pirlo
68%
Croatia cm N/A N/A N/A N/A n/a rakitic
68%
England st N/A N/A N/A N/A N/A rooney
68%
germany cdm N/A N/A N/A N/A N/A kimmich
66%
Portugal cb N/A N/A N/A N/A N/A pepe
66%
Croatia lm N/A N/A N/A N/A n/a perisic
66%
spain cdm N/A N/A N/A N/A n/a Xabi Alonso
66%
spain gk N/A N/A N/A N/A N/A de gea
64%
Bosnian st N/A N/A N/A N/A N/A dzeko
64%
ecuador rb N/A N/A N/A N/A n/a Antonio valencia
63%
france st N/A N/A N/A N/A n/a Griezman
63%
England cm N/A N/A N/A N/A N/A lampard
63%
germany cam N/A N/A N/A N/A N/A ozil
63%
france cm N/A N/A N/A N/A N/A kante
61%
belgium cb N/A N/A N/A N/A N/A kompany
61%
ivorian cm N/A N/A N/A N/A N/A toure
59%
Brazil cb n/a n/a n/a n/a n/a David luiz
58%
Portugal lw N/A N/A N/A N/A N/A nani
58%
italy st N/A N/A N/A N/A N/A immobile
56%
spain rw N/A N/A N/A N/A n/a pedro
56%
spain gk N/A N/A N/A N/A n/a valdes
56%
germany cm N/A N/A N/A N/A n/a schweinsteiger
53%
England cb N/A N/A N/A N/A N/A Terry
53%
italy cm n/a n/a n/a n/a n/a verratti
53%
Argentina cf N/A N/A N/A N/A N/A tevez
51%
netherlands cm N/A N/A N/A N/A N/A Wesley Sneijder
51%
germany cam N/A N/A N/A N/A N/A reus
49%
france lb N/A N/A N/A N/A N/A evra
47%
England lw N/A N/A N/A N/A n/a rashford
46%
netherlands cf N/A N/A N/A N/A N/A depay
41%
Brazil st N/A N/A N/A N/A N/A Diego costa
41%
Germany st N/A N/A N/A N/A N/A Mario gomez
41%
Brazil cam N/A N/A N/A N/A N/A oscar
41%
spain cam N/A N/A N/A N/A N/A mata
36%
argentinan st N/A N/A N/A N/A n/a icardi
34%
netherlands st N/A N/A N/A N/A n/a huntelaar
32%
Brazil rb N/A N/A N/A N/A n/a Maicon
32%
spain cm N/A N/A N/A N/A n/a koke
29%
spain cam N/A N/A N/A N/A N/A cazorla
24%
belgium cm N/A N/A N/A N/A N/A kdb
19%
spain cm N/A N/A N/A N/A n/a fabragas
10%
Brazil cdm N/A N/A N/A N/A N/A casermiro
8%
Brazil cam N/A N/A N/A N/A N/A couthino
7%
No matching quizzes found
Score Distribution
Percent of People with Each Score
Percentile by Number Answered
Your Score History
You have not taken this quiz